000 00861nmm a2200265 a 4500
001 ocm000608615
003 TR-IsHL
005 20201028132241.0
008 131030s2008 tu tur
007 cr cn
020 _a9789757594215
035 _a608615
_b(N$T)
050 0 4 _aPL248.S47
_bA3 2008
090 0 4 _aPL248.S47
_bA3 2008
100 1 _aSerdengeçti, Osman Yüksel
245 1 0 _aAkdeniz hilalindir
_h[electronic resource] /
_cOsman Yüksel Serdengeçti
260 _aİstanbul :
_bTürk Edebiyatı Vakfı Yayınları,
_c2008
300 _a112 p.
650 4 _aDil ve Edebiyat
650 4 _aLanguage and Literature
650 0 _aTürk şiiri
650 0 _aTurkish poetry
650 7 _aLITERARY COLLECTIONS / Middle Eastern
_2bisacsh
856 4 0 _uhttp://search.ebscohost.com/login.aspx?direct=true&scope=site&db=e011xww&AN=608615
999 _c4993
_d4993